[Event "English Open Championship 2024"]
[Site "Holiday Inn, 212 Abbey End, Kenilworth CV8 1ED, United Kingdom"]
[Date "2024.06.20"]
[Round "2.4"]
[White "Liu, Jack"]
[Black "Willow, Jonah B"]
[Result "0-1"]
[TimeControl "G90 + 30secs/move"]
[WhiteFideId "8627894"]
[BlackFideId "438804"]
[WhiteElo "2051"]
[BlackElo "2422"]

1. e4 {[%clk 01:30:56]} {[%emt 00:00:02]} c5 {[%clk 01:30:43]} {[%emt
00:00:18]} 2. Nf3 {[%clk 01:31:18]} {[%emt 00:00:07]} e6 {[%clk 01:30:42]}
{[%emt 00:00:32]} 3. d4 {[%clk 01:31:43]} {[%emt 00:00:05]} cxd4 {[%clk
01:31:08]} {[%emt 00:00:05]} 4. Nxd4 {[%clk 01:32:09]} {[%emt 00:00:04]} Nc6
{[%clk 01:31:30]} {[%emt 00:00:07]} 5. Nc3 {[%clk 01:32:32]} {[%emt 00:00:08]}
a6 {[%clk 01:31:57]} {[%emt 00:00:03]} 6. Be3 {[%clk 01:27:14]} {[%emt
00:05:49]} Nf6 {[%clk 01:32:02]} {[%emt 00:00:25]} 7. Bd3 {[%clk 01:20:49]}
{[%emt 00:06:54]} Qc7 {[%clk 01:31:35]} {[%emt 00:00:58]} 8. O-O {[%clk
01:19:46]} {[%emt 00:01:32]} b5 {[%clk 01:30:26]} {[%emt 00:01:39]} 9. Re1
{[%clk 01:10:48]} {[%emt 00:09:28]} Bb7 {[%clk 01:27:02]} {[%emt 00:03:55]} 10.
h3 {[%clk 01:02:09]} {[%emt 00:09:09]} Rc8 {[%clk 01:24:22]} {[%emt 00:03:10]}
11. Qd2 {[%clk 00:59:20]} {[%emt 00:03:19]} Ne5 {[%clk 01:14:09]} {[%emt
00:10:43]} 12. f4 {[%clk 00:52:29]} {[%emt 00:07:21]} Nc4 {[%clk 01:12:40]}
{[%emt 00:01:59]} 13. Bxc4 {[%clk 00:52:40]} {[%emt 00:00:18]} Qxc4 {[%clk
01:12:54]} {[%emt 00:00:17]} 14. e5 {[%clk 00:51:09]} {[%emt 00:02:01]} b4
{[%clk 01:06:08]} {[%emt 00:07:15]} 15. Na4 {[%clk 00:28:10]} {[%emt 00:23:29]}
Nd5 {[%clk 01:05:31]} {[%emt 00:01:07]} 16. b3 {[%clk 00:27:31]} {[%emt
00:01:09]} Qc7 {[%clk 01:05:43]} {[%emt 00:00:18]} 17. Bf2 {[%clk 00:27:32]}
{[%emt 00:00:29]} Be7 {[%clk 01:02:34]} {[%emt 00:03:40]} 18. Nb2 {[%clk
00:24:04]} {[%emt 00:03:58]} O-O {[%clk 00:54:01]} {[%emt 00:09:03]} 19. Nc4
{[%clk 00:22:02]} {[%emt 00:02:32]} f6 {[%clk 00:50:15]} {[%emt 00:04:16]} 20.
Bg3 {[%clk 00:16:22]} {[%emt 00:06:09]} f5 {[%clk 00:47:44]} {[%emt 00:03:02]}
21. Kh2 {[%clk 00:15:07]} {[%emt 00:01:45]} Kh8 {[%clk 00:46:38]} {[%emt
00:01:36]} 22. Rf1 {[%clk 00:14:01]} {[%emt 00:01:36]} Nc3 {[%clk 00:43:51]}
{[%emt 00:03:17]} 23. a4 {[%clk 00:13:06]} {[%emt 00:01:25]} Ne4 {[%clk
00:42:24]} {[%emt 00:01:56]} 24. Qd3 {[%clk 00:12:42]} {[%emt 00:00:55]} Bd5
{[%clk 00:38:42]} {[%emt 00:04:11]} 25. Ne3 {[%clk 00:11:57]} {[%emt 00:01:16]}
Nxg3 {[%clk 00:38:30]} {[%emt 00:00:42]} 26. Kxg3 {[%clk 00:11:59]} {[%emt
00:00:27]} Be4 {[%clk 00:38:56]} {[%emt 00:00:04]} 27. Qd2 {[%clk 00:07:05]}
{[%emt 00:05:24]} g5 {[%clk 00:38:17]} {[%emt 00:01:09]} 28. Nc4 {[%clk
00:03:47]} {[%emt 00:03:49]} gxf4+ {[%clk 00:38:18]} {[%emt 00:00:29]} 29. Kh2
{[%clk 00:03:44]} {[%emt 00:00:33]} Rg8 {[%clk 00:38:05]} {[%emt 00:00:42]} 30.
Nf3 {[%clk 00:04:00]} {[%emt 00:00:14]} Bd5 {[%clk 00:36:17]} {[%emt 00:02:18]}
31. Rad1 {[%clk 00:02:07]} {[%emt 00:02:23]} Bxc4 {[%clk 00:35:06]} {[%emt
00:01:42]} 32. bxc4 {[%clk 00:02:31]} {[%emt 00:00:06]} Qxc4 {[%clk 00:34:44]}
{[%emt 00:00:50]} 33. Qxd7 {[%clk 00:02:30]} {[%emt 00:00:32]} Rc7 {[%clk
00:34:27]} {[%emt 00:00:48]} 34. Qd4 {[%clk 00:00:51]} {[%emt 00:02:08]} Qxc2
{[%clk 00:33:43]} {[%emt 00:01:14]} 35. Rd2 {[%clk 00:01:17]} {[%emt 00:00:04]}
Qxa4 {[%clk 00:27:23]} {[%emt 00:06:50]} 36. Qxf4 {[%clk 00:00:55]} {[%emt
00:00:52]} Qe8 {[%clk 00:27:13]} {[%emt 00:00:39]} 37. Rfd1 {[%clk 00:01:05]}
{[%emt 00:00:21]} a5 {[%clk 00:25:45]} {[%emt 00:01:58]} 38. Rd6 {[%clk
00:00:44]} {[%emt 00:00:51]} Rc2 {[%clk 00:24:38]} {[%emt 00:01:36]} 39. Rxe6
{[%clk 00:00:37]} {[%emt 00:00:38]} Rcxg2+ {[%clk 00:20:36]} {[%emt 00:04:32]}
40. Kh1 {[%clk 00:01:06]} {[%emt 00:00:01]} R2g3 {[%clk 00:13:41]} {[%emt
00:07:25]} 41. Qxf5 {[%clk 00:00:38]} {[%emt 00:00:59]} Rf8 {[%clk 00:13:18]}
{[%emt 00:00:53]} 42. Rf6 {[%clk 00:00:31]} {[%emt 00:00:37]} Bxf6 {[%clk
00:13:30]} {[%emt 00:00:18]} 0-1

[Event "English Open Championship 2024"]
[Site "Holiday Inn, 212 Abbey End, Kenilworth CV8 1ED, United Kingdom"]
[Date "2024.06.20"]
[Round "2.5"]
[White "Wadsworth, Matthew J"]
[Black "Pal, Rohan"]
[Result "1-0"]
[TimeControl "G90 + 30secs/move"]
[WhiteFideId "415804"]
[BlackFideId "462489"]
[WhiteElo "2467"]
[BlackElo "2097"]

1. Nf3 {[%clk 01:30:57]} {[%emt 00:00:02]} d5 {[%clk 01:30:56]} {[%emt
00:00:04]} 2. g3 {[%clk 01:31:19]} {[%emt 00:00:08]} Nf6 {[%clk 01:31:23]}
{[%emt 00:00:03]} 3. Bg2 {[%clk 01:31:33]} {[%emt 00:00:16]} Bf5 {[%clk
01:31:44]} {[%emt 00:00:10]} 4. c4 {[%clk 01:31:33]} {[%emt 00:00:30]} c6
{[%clk 01:31:39]} {[%emt 00:00:35]} 5. Qb3 {[%clk 01:31:46]} {[%emt 00:00:17]}
Qb6 {[%clk 01:31:38]} {[%emt 00:00:30]} 6. d3 {[%clk 01:31:59]} {[%emt
00:00:17]} e6 {[%clk 01:31:21]} {[%emt 00:00:47]} 7. Be3 {[%clk 01:32:09]}
{[%emt 00:00:20]} Qxb3 {[%clk 01:31:00]} {[%emt 00:00:52]} 8. axb3 {[%clk
01:32:31]} {[%emt 00:00:07]} a6 {[%clk 01:30:06]} {[%emt 00:01:25]} 9. Nh4
{[%clk 01:32:40]} {[%emt 00:00:20]} Bg6 {[%clk 01:30:14]} {[%emt 00:00:22]} 10.
Nxg6 {[%clk 01:31:13]} {[%emt 00:01:57]} hxg6 {[%clk 01:30:38]} {[%emt
00:00:05]} 11. Bd4 {[%clk 01:31:34]} {[%emt 00:00:10]} Nbd7 {[%clk 01:25:42]}
{[%emt 00:05:27]} 12. Bc3 {[%clk 01:31:33]} {[%emt 00:00:31]} Bd6 {[%clk
01:24:15]} {[%emt 00:01:56]} 13. Nd2 {[%clk 01:27:31]} {[%emt 00:04:33]} Ke7
{[%clk 01:23:05]} {[%emt 00:01:39]} 14. b4 {[%clk 01:25:09]} {[%emt 00:02:52]}
Bc7 {[%clk 01:16:42]} {[%emt 00:06:53]} 15. Nb3 {[%clk 01:20:27]} {[%emt
00:05:12]} Rab8 {[%clk 01:06:40]} {[%emt 00:10:31]} 16. Na5 {[%clk 01:17:59]}
{[%emt 00:02:58]} Ne5 {[%clk 01:03:00]} {[%emt 00:04:11]} 17. h3 {[%clk
01:01:38]} {[%emt 00:16:50]} dxc4 {[%clk 00:56:57]} {[%emt 00:06:33]} 18. f4
{[%clk 00:55:13]} {[%emt 00:06:55]} Ned7 {[%clk 00:57:08]} {[%emt 00:00:18]} 19.
dxc4 {[%clk 00:55:37]} {[%emt 00:00:08]} e5 {[%clk 00:41:43]} {[%emt 00:15:55]}
20. e3 {[%clk 00:54:08]} {[%emt 00:01:59]} Rhe8 {[%clk 00:37:38]} {[%emt
00:04:35]} 21. O-O {[%clk 00:47:52]} {[%emt 00:06:46]} Kf8 {[%clk 00:36:41]}
{[%emt 00:01:26]} 22. Rfd1 {[%clk 00:41:04]} {[%emt 00:07:19]} Bb6 {[%clk
00:35:19]} {[%emt 00:01:52]} 23. c5 {[%clk 00:37:37]} {[%emt 00:03:57]} Bxa5
{[%clk 00:35:33]} {[%emt 00:00:16]} 24. bxa5 {[%clk 00:33:45]} {[%emt
00:04:21]} Kg8 {[%clk 00:34:23]} {[%emt 00:01:40]} 25. b4 {[%clk 00:31:26]}
{[%emt 00:02:50]} e4 {[%clk 00:29:20]} {[%emt 00:05:33]} 26. Bf1 {[%clk
00:25:43]} {[%emt 00:06:12]} Nd5 {[%clk 00:24:54]} {[%emt 00:04:56]} 27. Bc4
{[%clk 00:25:18]} {[%emt 00:00:54]} N7f6 {[%clk 00:25:16]} {[%emt 00:00:10]} 28.
Bd4 {[%clk 00:21:09]} {[%emt 00:04:39]} Nxb4 {[%clk 00:20:46]} {[%emt
00:05:00]} 29. Rab1 {[%clk 00:17:09]} {[%emt 00:04:29]} Nc2 {[%clk 00:20:23]}
{[%emt 00:00:54]} 30. Bxf6 {[%clk 00:15:18]} {[%emt 00:02:21]} gxf6 {[%clk
00:16:47]} {[%emt 00:04:05]} 31. Rd7 {[%clk 00:15:16]} {[%emt 00:00:32]} Rf8
{[%clk 00:13:37]} {[%emt 00:03:40]} 32. Rb3 {[%clk 00:14:09]} {[%emt 00:01:37]}
Rbd8 {[%clk 00:07:14]} {[%emt 00:06:54]} 33. Bxf7+ {[%clk 00:14:04]} {[%emt
00:00:35]} Kg7 {[%clk 00:05:37]} {[%emt 00:02:07]} 34. Be8+ {[%clk 00:14:21]}
{[%emt 00:00:12]} Rxd7 {[%clk 00:05:57]} {[%emt 00:00:11]} 35. Bxd7 {[%clk
00:14:46]} {[%emt 00:00:05]} Rb8 {[%clk 00:04:47]} {[%emt 00:01:40]} 36. Kf2
{[%clk 00:14:47]} {[%emt 00:00:28]} f5 {[%clk 00:04:30]} {[%emt 00:00:48]} 37.
Ke2 {[%clk 00:12:18]} {[%emt 00:02:58]} Kf6 {[%clk 00:02:51]} {[%emt 00:02:09]}
38. g4 {[%clk 00:09:18]} {[%emt 00:03:30]} Rh8 {[%clk 00:00:42]} {[%emt
00:02:40]} 39. g5+ {[%clk 00:09:30]} {[%emt 00:00:18]} Ke7 {[%clk 00:01:07]}
{[%emt 00:00:05]} 40. Rxb7 {[%clk 00:09:49]} {[%emt 00:00:11]} Rd8 {[%clk
00:00:40]} {[%emt 00:00:56]} 41. Bxf5+ {[%clk 00:10:00]} {[%emt 00:00:18]} 1-0

[Event "English Open Championship 2024"]
[Site "Holiday Inn, 212 Abbey End, Kenilworth CV8 1ED, United Kingdom"]
[Date "2024.06.20"]
[Round "2.6"]
[White "Mikalajunas, Kajus"]
[Black "Roberson, Peter T"]
[Result "0-1"]
[TimeControl "G90 + 30secs/move"]
[WhiteFideId "483621"]
[BlackFideId "412384"]
[WhiteElo "1995"]
[BlackElo "2420"]

1. d4 {[%clk 01:30:57]} {[%emt 00:00:02]} Nf6 {[%clk 01:30:56]} {[%emt
00:00:04]} 2. c4 {[%clk 01:31:18]} {[%emt 00:00:10]} e6 {[%clk 01:31:23]}
{[%emt 00:00:04]} 3. Nc3 {[%clk 01:31:41]} {[%emt 00:00:06]} Bb4 {[%clk
01:31:49]} {[%emt 00:00:04]} 4. Bd2 {[%clk 01:32:04]} {[%emt 00:00:07]} b6
{[%clk 01:29:41]} {[%emt 00:02:38]} 5. e4 {[%clk 01:32:07]} {[%emt 00:00:26]}
Bxc3 {[%clk 01:27:41]} {[%emt 00:02:31]} 6. Bxc3 {[%clk 01:32:34]} {[%emt
00:00:02]} Nxe4 {[%clk 01:28:01]} {[%emt 00:00:10]} 7. Qg4 {[%clk 01:32:47]}
{[%emt 00:00:16]} Bb7 {[%clk 01:26:55]} {[%emt 00:01:38]} 8. Qxg7 {[%clk
01:31:56]} {[%emt 00:01:21]} Rf8 {[%clk 01:27:14]} {[%emt 00:00:10]} 9. Nh3
{[%clk 01:21:44]} {[%emt 00:10:42]} Qe7 {[%clk 01:13:20]} {[%emt 00:14:24]} 10.
Bd3 {[%clk 01:03:27]} {[%emt 00:18:47]} Nxc3 {[%clk 01:06:16]} {[%emt
00:07:34]} 11. bxc3 {[%clk 01:02:23]} {[%emt 00:01:34]} Nc6 {[%clk 01:04:59]}
{[%emt 00:01:48]} 12. Qxh7 {[%clk 00:56:37]} {[%emt 00:06:16]} O-O-O {[%clk
01:00:51]} {[%emt 00:04:38]} 13. f3 {[%clk 00:49:39]} {[%emt 00:07:29]} Rh8
{[%clk 00:41:48]} {[%emt 00:19:32]} 14. Qe4 {[%clk 00:49:49]} {[%emt 00:00:20]}
Qa3 {[%clk 00:39:11]} {[%emt 00:03:08]} 15. O-O {[%clk 00:44:02]} {[%emt
00:06:16]} Rdg8 {[%clk 00:35:58]} {[%emt 00:03:44]} 16. Nf2 {[%clk 00:41:13]}
{[%emt 00:03:18]} Qd6 {[%clk 00:32:03]} {[%emt 00:04:25]} 17. h3 {[%clk
00:34:31]} {[%emt 00:07:12]} Qg3 {[%clk 00:26:04]} {[%emt 00:06:30]} 18. Ng4
{[%clk 00:34:58]} {[%emt 00:00:02]} f5 {[%clk 00:20:20]} {[%emt 00:06:14]} 19.
Qe1 {[%clk 00:35:27]} Qxe1 {[%clk 00:20:31]} {[%emt 00:00:20]} 20. Raxe1 {[%clk
00:35:55]} fxg4 {[%clk 00:20:53]} {[%emt 00:00:09]} 21. fxg4 {[%clk 00:36:24]}
{[%emt 00:00:02]} Ba6 {[%clk 00:20:36]} {[%emt 00:00:47]} 22. Rf3 {[%clk
00:34:40]} {[%emt 00:02:14]} Na5 {[%clk 00:19:31]} {[%emt 00:01:34]} 23. c5
{[%clk 00:33:35]} {[%emt 00:01:35]} Bxd3 {[%clk 00:19:59]} {[%emt 00:00:02]} 24.
Rxd3 {[%clk 00:34:03]} {[%emt 00:00:02]} bxc5 {[%clk 00:18:46]} {[%emt
00:01:43]} 25. dxc5 {[%clk 00:34:32]} {[%emt 00:00:02]} Rg5 {[%clk 00:18:54]}
{[%emt 00:00:21]} 26. Red1 {[%clk 00:31:02]} {[%emt 00:04:00]} Rh7 {[%clk
00:19:02]} {[%emt 00:00:22]} 27. Rf1 {[%clk 00:27:07]} {[%emt 00:04:25]} Kb7
{[%clk 00:14:10]} {[%emt 00:05:23]} 28. Rf8 {[%clk 00:27:11]} {[%emt 00:00:25]}
Rhg7 {[%clk 00:11:57]} {[%emt 00:02:44]} 29. Rg3 {[%clk 00:26:59]} {[%emt
00:00:42]} Nc6 {[%clk 00:11:05]} {[%emt 00:01:22]} 30. h4 {[%clk 00:26:59]}
{[%emt 00:00:30]} Rxg4 {[%clk 00:10:51]} {[%emt 00:00:44]} 31. Rxg4 {[%clk
00:27:27]} {[%emt 00:00:02]} Rxg4 {[%clk 00:11:16]} {[%emt 00:00:04]} 32. h5
{[%clk 00:27:56]} {[%emt 00:00:02]} Ne5 {[%clk 00:10:01]} {[%emt 00:01:45]} 33.
Rh8 {[%clk 00:24:12]} {[%emt 00:04:13]} Kc6 {[%clk 00:09:15]} {[%emt 00:01:16]}
34. Kh2 {[%clk 00:21:13]} {[%emt 00:03:29]} Nf7 {[%clk 00:07:31]} {[%emt
00:02:15]} 35. Rf8 {[%clk 00:16:43]} {[%emt 00:05:00]} Nh6 {[%clk 00:06:29]}
{[%emt 00:01:32]} 36. Kh3 {[%clk 00:16:21]} {[%emt 00:00:51]} Rg5 {[%clk
00:06:30]} {[%emt 00:00:29]} 37. g4 {[%clk 00:16:41]} {[%emt 00:00:10]} Nxg4
{[%clk 00:05:41]} {[%emt 00:01:20]} 38. Kh4 {[%clk 00:17:03]} {[%emt 00:00:07]}
Rg7 {[%clk 00:05:56]} {[%emt 00:00:15]} 39. Rh8 {[%clk 00:16:34]} {[%emt
00:00:59]} Kxc5 {[%clk 00:05:11]} {[%emt 00:01:16]} 40. h6 {[%clk 00:16:46]}
{[%emt 00:00:18]} Nxh6 {[%clk 00:05:29]} {[%emt 00:00:12]} 41. Rxh6 {[%clk
00:17:08]} {[%emt 00:00:07]} Rg2 {[%clk 00:05:50]} {[%emt 00:00:09]} 42. Rh5+
{[%clk 00:17:01]} {[%emt 00:00:37]} d5 {[%clk 00:06:13]} {[%emt 00:00:07]} 0-1

[Event "English Open Championship 2024"]
[Site "Holiday Inn, 212 Abbey End, Kenilworth CV8 1ED, United Kingdom"]
[Date "2024.06.20"]
[Round "2.7"]
[White "Bharat Kumar, Balahari"]
[Black "Hebden, Mark L"]
[Result "0-1"]
[TimeControl "G90 + 30secs/move"]
[WhiteFideId "496464"]
[BlackFideId "400084"]
[WhiteElo "1994"]
[BlackElo "2398"]

1. d4 {[%clk 01:30:57]} {[%emt 00:00:02]} Nf6 {[%clk 01:28:27]} {[%emt
00:02:32]} 2. c4 {[%clk 01:31:16]} {[%emt 00:00:11]} g6 {[%clk 01:28:37]}
{[%emt 00:00:20]} 3. g3 {[%clk 01:31:34]} {[%emt 00:00:12]} Bg7 {[%clk
01:28:43]} {[%emt 00:00:24]} 4. Bg2 {[%clk 01:31:54]} {[%emt 00:00:11]} O-O
{[%clk 01:29:01]} {[%emt 00:00:11]} 5. Nc3 {[%clk 01:32:16]} {[%emt 00:00:08]}
d6 {[%clk 01:28:47]} {[%emt 00:00:44]} 6. Nf3 {[%clk 01:32:37]} {[%emt
00:00:10]} c5 {[%clk 01:28:36]} {[%emt 00:00:41]} 7. O-O {[%clk 01:31:46]}
{[%emt 00:01:20]} Nc6 {[%clk 01:27:45]} {[%emt 00:01:21]} 8. d5 {[%clk
01:31:49]} {[%emt 00:00:28]} Na5 {[%clk 01:27:46]} {[%emt 00:00:29]} 9. Nd2
{[%clk 01:29:33]} {[%emt 00:02:46]} e6 {[%clk 01:27:26]} {[%emt 00:00:51]} 10.
e4 {[%clk 01:28:14]} {[%emt 00:01:49]} exd5 {[%clk 01:26:09]} {[%emt 00:01:47]}
11. cxd5 {[%clk 01:27:26]} {[%emt 00:01:18]} Bd7 {[%clk 01:23:31]} {[%emt
00:03:08]} 12. a4 {[%clk 01:23:35]} {[%emt 00:04:21]} a6 {[%clk 01:22:54]}
{[%emt 00:01:07]} 13. Qe2 {[%clk 00:49:03]} {[%emt 00:35:02]} Re8 {[%clk
01:21:19]} {[%emt 00:02:04]} 14. h3 {[%clk 00:47:00]} {[%emt 00:02:33]} Rc8
{[%clk 01:18:16]} {[%emt 00:03:33]} 15. f4 {[%clk 00:38:23]} {[%emt 00:09:08]}
Nxe4 {[%clk 01:15:58]} {[%emt 00:02:48]} 16. Ncxe4 {[%clk 00:20:13]} {[%emt
00:18:40]} f5 {[%clk 01:16:15]} {[%emt 00:00:13]} 17. Qd3 {[%clk 00:20:21]}
{[%emt 00:00:22]} fxe4 {[%clk 01:15:55]} {[%emt 00:00:49]} 18. Nxe4 {[%clk
00:20:40]} {[%emt 00:00:11]} c4 {[%clk 01:14:32]} {[%emt 00:01:54]} 19. Qa3
{[%clk 00:20:30]} {[%emt 00:00:40]} Nb3 {[%clk 01:14:05]} {[%emt 00:00:57]} 20.
Ra2 {[%clk 00:17:28]} {[%emt 00:03:32]} Bd4+ {[%clk 01:13:08]} {[%emt
00:01:26]} 21. Kh2 {[%clk 00:16:58]} {[%emt 00:01:01]} Rxe4 {[%clk 01:13:17]}
{[%emt 00:00:21]} 22. Bxe4 {[%clk 00:15:38]} {[%emt 00:01:49]} Bc5 {[%clk
01:13:40]} {[%emt 00:00:08]} 0-1

[Event "English Open Championship 2024"]
[Site "Holiday Inn, 212 Abbey End, Kenilworth CV8 1ED, United Kingdom"]
[Date "2024.06.20"]
[Round "2.8"]
[White "Wells, Peter K"]
[Black "Payne, Matthew J"]
[Result "1-0"]
[TimeControl "G90 + 30secs/move"]
[WhiteFideId "400327"]
[BlackFideId "417084"]
[WhiteElo "2354"]
[BlackElo "2079"]

1. e4 {[%clk 01:27:22]} {[%emt 00:03:37]} e6 {[%clk 01:30:42]} {[%emt
00:00:19]} 2. Qe2 {[%clk 01:27:18]} {[%emt 00:00:34]} c5 {[%clk 01:30:30]}
{[%emt 00:00:42]} 3. Nf3 {[%clk 01:27:25]} {[%emt 00:00:22]} Nc6 {[%clk
01:30:04]} {[%emt 00:00:56]} 4. g3 {[%clk 01:26:37]} {[%emt 00:01:18]} Be7
{[%clk 01:29:36]} {[%emt 00:00:58]} 5. Bg2 {[%clk 01:25:37]} {[%emt 00:01:30]}
d5 {[%clk 01:29:03]} {[%emt 00:01:03]} 6. d3 {[%clk 01:24:03]} {[%emt
00:02:04]} Nf6 {[%clk 01:28:00]} {[%emt 00:01:34]} 7. O-O {[%clk 01:20:36]}
{[%emt 00:03:57]} O-O {[%clk 01:27:10]} {[%emt 00:01:20]} 8. e5 {[%clk
01:10:38]} {[%emt 00:10:27]} Ne8 {[%clk 01:25:02]} {[%emt 00:02:38]} 9. c4
{[%clk 00:47:51]} {[%emt 00:23:17]} Nc7 {[%clk 01:10:12]} {[%emt 00:15:20]} 10.
h4 {[%clk 00:46:38]} {[%emt 00:01:43]} b5 {[%clk 01:05:37]} {[%emt 00:05:06]}
11. Rd1 {[%clk 00:36:20]} {[%emt 00:10:48]} bxc4 {[%clk 00:56:40]} {[%emt
00:09:28]} 12. dxc4 {[%clk 00:36:34]} {[%emt 00:00:15]} Ba6 {[%clk 00:57:01]}
{[%emt 00:00:08]} 13. b3 {[%clk 00:30:49]} {[%emt 00:06:16]} Qe8 {[%clk
00:51:24]} {[%emt 00:06:07]} 14. Na3 {[%clk 00:24:02]} {[%emt 00:07:17]} Rb8
{[%clk 00:35:14]} {[%emt 00:16:40]} 15. Bg5 {[%clk 00:22:26]} {[%emt 00:02:05]}
Nd4 {[%clk 00:17:54]} {[%emt 00:17:50]} 16. Qd2 {[%clk 00:22:01]} {[%emt
00:00:56]} dxc4 {[%clk 00:11:10]} {[%emt 00:07:14]} 17. Nxc4 {[%clk 00:19:41]}
{[%emt 00:02:50]} Bxg5 {[%clk 00:09:07]} {[%emt 00:02:33]} 18. Nxg5 {[%clk
00:12:44]} {[%emt 00:07:27]} Bxc4 {[%clk 00:08:40]} {[%emt 00:00:56]} 19. bxc4
{[%clk 00:13:04]} {[%emt 00:00:10]} Qa4 {[%clk 00:08:49]} {[%emt 00:00:21]} 20.
Qd3 {[%clk 00:04:23]} {[%emt 00:09:12]} g6 {[%clk 00:09:03]} {[%emt 00:00:15]}
21. Ne4 {[%clk 00:04:00]} {[%emt 00:00:53]} Na6 {[%clk 00:08:01]} {[%emt
00:01:33]} 22. Qd2 {[%clk 00:00:45]} {[%emt 00:03:45]} Kg7 {[%clk 00:06:40]}
{[%emt 00:01:51]} 23. h5 {[%clk 00:01:13]} {[%emt 00:00:02]} h6 {[%clk
00:05:33]} {[%emt 00:01:37]} 24. hxg6 {[%clk 00:00:56]} {[%emt 00:00:47]} fxg6
{[%clk 00:05:58]} {[%emt 00:00:04]} 25. Nxc5 {[%clk 00:01:19]} {[%emt
00:00:08]} Nxc5 {[%clk 00:05:57]} {[%emt 00:00:31]} 26. Qxd4 {[%clk 00:01:45]}
{[%emt 00:00:03]} Qa3 {[%clk 00:06:09]} {[%emt 00:00:18]} 27. Rab1 {[%clk
00:01:27]} {[%emt 00:00:48]} Rbc8 {[%clk 00:02:45]} {[%emt 00:03:54]} 28. Qd2
{[%clk 00:00:45]} {[%emt 00:01:13]} Rf5 {[%clk 00:01:59]} {[%emt 00:01:16]} 29.
Rb5 {[%clk 00:00:53]} {[%emt 00:00:22]} Qa4 {[%clk 00:00:58]} {[%emt 00:01:31]}
30. Ra5 {[%clk 00:00:57]} {[%emt 00:00:26]} Qxc4 {[%clk 00:01:11]} {[%emt
00:00:16]} 31. Rc1 {[%clk 00:00:57]} {[%emt 00:00:30]} Rxf2 {[%clk 00:00:47]}
{[%emt 00:00:54]} 32. Rxc4 {[%clk 00:00:34]} {[%emt 00:00:53]} Rxd2 {[%clk
00:01:14]} {[%emt 00:00:03]} 33. Raxc5 {[%clk 00:00:36]} {[%emt 00:00:29]} Rxc5
{[%clk 00:01:21]} {[%emt 00:00:23]} 34. Rxc5 {[%clk 00:01:04]} {[%emt
00:00:02]} Rxa2 {[%clk 00:01:43]} {[%emt 00:00:07]} 35. Rc6 {[%clk 00:01:03]}
{[%emt 00:00:32]} Kf7 {[%clk 00:00:35]} {[%emt 00:01:37]} 36. Bh3 {[%clk
00:00:57]} {[%emt 00:00:36]} Ra5 {[%clk 00:00:54]} {[%emt 00:00:10]} 37. Rxe6
{[%clk 00:01:07]} {[%emt 00:00:21]} h5 {[%clk 00:01:17]} {[%emt 00:00:07]} 38.
Rf6+ {[%clk 00:00:52]} {[%emt 00:00:45]} Kg7 {[%clk 00:01:42]} {[%emt
00:00:05]} 39. Re6 {[%clk 00:00:46]} {[%emt 00:00:37]} Kf7 {[%clk 00:02:06]}
{[%emt 00:00:05]} 40. Kf2 {[%clk 00:00:55]} {[%emt 00:00:22]} Ra4 {[%clk
00:02:10]} {[%emt 00:00:26]} 41. Rc6 {[%clk 00:01:05]} {[%emt 00:00:20]} 1-0

[Event "English Open Championship 2024"]
[Site "Holiday Inn, 212 Abbey End, Kenilworth CV8 1ED, United Kingdom"]
[Date "2024.06.20"]
[Round "2.9"]
[White "Yu, Rock"]
[Black "Derakhshani, Borna"]
[Result "0-1"]
[TimeControl "G90 + 30secs/move"]
[WhiteFideId "489000"]
[BlackFideId "12518450"]
[WhiteElo "1939"]
[BlackElo "2355"]

1. c4 {[%clk 01:30:57]} {[%emt 00:00:02]} e5 {[%clk 01:30:54]} {[%emt
00:00:06]} 2. Nc3 {[%clk 01:31:22]} {[%emt 00:00:05]} Nf6 {[%clk 01:31:17]}
{[%emt 00:00:06]} 3. g3 {[%clk 01:31:49]} {[%emt 00:00:04]} Bb4 {[%clk
01:31:40]} {[%emt 00:00:07]} 4. e4 {[%clk 01:32:05]} {[%emt 00:00:14]} d6
{[%clk 01:32:05]} {[%emt 00:00:06]} 5. Bg2 {[%clk 01:32:24]} {[%emt 00:00:10]}
Bg4 {[%clk 01:32:23]} {[%emt 00:00:12]} 6. Nge2 {[%clk 01:26:00]} {[%emt
00:06:53]} Nc6 {[%clk 01:32:47]} {[%emt 00:00:06]} 7. O-O {[%clk 01:23:41]}
{[%emt 00:02:48]} a5 {[%clk 01:32:39]} {[%emt 00:00:40]} 8. a3 {[%clk
01:23:20]} {[%emt 00:00:52]} Bc5 {[%clk 01:32:32]} {[%emt 00:00:36]} 9. Kh1
{[%clk 01:18:01]} {[%emt 00:05:48]} Qd7 {[%clk 01:30:41]} {[%emt 00:02:21]} 10.
d3 {[%clk 01:15:49]} {[%emt 00:02:40]} h5 {[%clk 01:26:13]} {[%emt 00:05:01]}
11. h4 {[%clk 01:06:41]} {[%emt 00:09:38]} Nd4 {[%clk 01:22:58]} {[%emt
00:03:45]} 12. f3 {[%clk 01:04:06]} {[%emt 00:03:03]} Bxf3 {[%clk 01:21:06]}
{[%emt 00:02:24]} 13. Rxf3 {[%clk 01:01:01]} {[%emt 00:03:34]} Nxf3 {[%clk
01:21:30]} {[%emt 00:00:07]} 14. Qf1 {[%clk 01:00:30]} {[%emt 00:01:01]} Nd4
{[%clk 01:21:09]} {[%emt 00:00:51]} 15. Bg5 {[%clk 00:58:20]} {[%emt 00:02:39]}
Ng4 {[%clk 01:21:14]} {[%emt 00:00:26]} 16. Rb1 {[%clk 00:57:35]} {[%emt
00:01:16]} f6 {[%clk 01:13:44]} {[%emt 00:07:59]} 17. Bd2 {[%clk 00:55:55]}
{[%emt 00:02:09]} Nb3 {[%clk 01:13:52]} {[%emt 00:00:23]} 18. Be1 {[%clk
00:55:47]} {[%emt 00:00:37]} Ne3 {[%clk 01:13:32]} {[%emt 00:00:50]} 19. Qf3
{[%clk 00:54:40]} {[%emt 00:01:35]} Nxg2 {[%clk 01:13:55]} {[%emt 00:00:10]} 20.
Kxg2 {[%clk 00:54:50]} {[%emt 00:00:18]} Qg4 {[%clk 01:14:15]} {[%emt
00:00:11]} 21. Qf1 {[%clk 00:53:18]} {[%emt 00:01:59]} O-O {[%clk 01:14:04]}
{[%emt 00:00:44]} 22. Qf5 {[%clk 00:46:17]} {[%emt 00:07:31]} g6 {[%clk
01:14:04]} {[%emt 00:00:30]} 23. Qxg4 {[%clk 00:44:33]} {[%emt 00:02:12]} hxg4
{[%clk 01:14:04]} {[%emt 00:00:32]} 24. Bf2 {[%clk 00:44:19]} {[%emt 00:00:43]}
c6 {[%clk 01:13:47]} {[%emt 00:00:49]} 25. Rh1 {[%clk 00:43:55]} {[%emt
00:00:52]} f5 {[%clk 01:14:08]} {[%emt 00:00:11]} 26. h5 {[%clk 00:42:53]}
{[%emt 00:01:32]} Bxf2 {[%clk 01:14:27]} {[%emt 00:00:12]} 27. Kxf2 {[%clk
00:39:15]} {[%emt 00:04:08]} fxe4+ {[%clk 01:14:53]} {[%emt 00:00:04]} 28. Ke3
{[%emt 00:00:20]} Rf3+ {[%clk 01:15:19]} 0-1